00346nam a2200109Ia 4500008004100000082001500041100001900056245004300075942000600118952009700124999001500221240331s9999 xx 000 0 und d a303.4bSHA aShanmulingan,N 0aThol seer samuokaviyal sinthanaiyaalar cL 001040708LaWERCLbWERCLcSSCd2024-03-31l0o 303.4 SHAp4759r2024-03-31w2024-03-31yL c1228d1228